Information nation (Record no. 125393)
[ view plain ]
| 000 -LEADER | |
|---|---|
| fixed length control field | 02809nam a2200469 a 4500 |
| 082 04 - DEWEY DECIMAL CLASSIFICATION NUMBER | |
| Classification number | 020.71/1 |
| 100 1# - MAIN ENTRY--AUTHOR NAME | |
| Personal name | Stanton, Jeffrey M., |
| 245 10 - TITLE STATEMENT | |
| Title | Information nation |
| 260 ## - PUBLICATION, DISTRIBUTION, ETC. (IMPRINT) | |
| Place of publication | Medford, N.J. : |
| Name of publisher | Information Today, |
| Year of publication | c2010. |
| 300 ## - PHYSICAL DESCRIPTION | |
| Number of Pages | xv, 240 p. : |
| Other physical details | ill. |
| 505 0# - FORMATTED CONTENTS NOTE | |
| Formatted contents note | Wanted : information professionals -- Information wants to be disorganized -- Doctor, lawyer, scientist, chief : every profession depends on information -- Horseshoes to biofuels : why technology development gets easier all the time -- Where's my job? How outsourcing and offshoring change industries -- The student perspective on the information field -- Barriers and challenges : the student perspective -- The workplace perspective on the information field -- Barriers and challenges : the workplace perspective -- Stereotypes, culture, and the information professions -- Cyberinfrastructure : a long word for the future of information technology -- The original information professionals -- To iSchool or not to iSchool -- Where have all the students gone? Diversity and recruitment challenges in the information professions -- What's next. |
| 650 #0 - SUBJECT ADDED ENTRY--TOPICAL TERM | |
| Topical Term | Information science |
| Topical Term | Information scientists |
| Topical Term | Information science |
| Topical Term | Information science |
| Topical Term | Information scientists |
| Topical Term | Information science |
| Topical Term | Information technology |
| Topical Term | Information technology |
| Topical Term | Library education. |
| Topical Term | Library science |
| 700 1# - ADDED ENTRY--PERSONAL NAME | |
| Personal name | Guzman, Indira R., |
| Personal name | Stam, Kathryn R., |
| 856 40 - ELECTRONIC LOCATION AND ACCESS | |
| Uniform Resource Identifier | http://site.ebrary.com/lib/rucke/Doc?id=10492816 |
No items available.
